Gramática castellana. Clase de ingreso.

Saved in:
Bibliographic Details
Main Author: SM. Autor
Format: Unknown
Language:Spanish
Published: Burgos H.S.R.
Edition:
Textbook Catalogue:MANES:  Library Catalog Search Result
Textbook Classification:
Tags: Add Tag
No Tags, Be the first to tag this record!
Added to:2016-04-26
Changed in:2025-05-07

MARC

LEADER 000000000a22000000004500
001 07644
003 OSt
005 20250507133320.0
008 160427s sp ||||| |||| 00| 0 spa d
040 |c centro_manes 
041 1 |a spa 
561 |5 es-CICE  |a España. Centro Internacional de la Cultura Escolar  |k MANES 
691 0 |a SE 
100 1 |a SM. Autor  |9 3562 
245 0 0 |a Gramática castellana. Clase de ingreso. 
250 |a 4ª 
260 3 |a Burgos  |b H.S.R. 
300 |a 159 p.  |c 18,5 x 13,5 cm 
500 |a Editado en Cartoné.  |a nivel: Libro para el ingreso a la Secundaria. 
690 0 |a LEN 
942 |2 ddc  |c BK 
546 |a España 
999 |c 13618  |d 13618 
999 |c manes:13618  |d 13618